Реформатского Н. Н.

Доступно только в Электронных читальных залах Найти на картеНа карте
RUSMARC
00003913nac2a22002891x 450
00112c2b728-c5ad-4c45-a245-bf65246cccd9
00520140115062315.0
100##$a20130529l19041915k y0rusy50 ca
1010#$arus
102##$aRU
105##$ay z |||||
1222#$ad19040326
$ad19151006
2001#$aРеформатского Н. Н.
$j26 марта 1904 - 6 октября 1915
215##$a5 листов
251##$cДело
300##$aЗаголовок дела на папке: Письма Реформатского Н. Н. Кони А. Ф.
300##$aВ деле имеется телеграмма
300##$aРукописный и машинописный текст
330##$aПереписка А. Ф. Кони; Письма к А. Ф. Кони
461#0$10013a54f2e3-e9cf-409b-80fa-f0a9bd3c40cb
$12001
$aКони Анатолий Федорович, юрист, литератор, член академии наук, председатель Санкт-Петербургского окружного суда, член государственного совета
$1251
$cФонд
$1852
$j564
462#0$100178a475cd-a47d-4377-bff3-cee4b81de655
$12001
$aОпись дел фонда А. Ф. Кони за 1880-1931 гг.
$1251
$cОпись
$1852
$j1
517##$aПисьма Реформатского Н. Н. Кони А. Ф.
600#1$aКони
$bА. Ф.
$f1844-1927
$gАнатолий Федорович
600#1$aРеформатский
$bН. Н.
801#0$aRU
$bGA_RF
801#1$aRU
$bНПО Опыт
$c20130529
$2rusmarc
801#2$aRU
$bПБ им. Б.Н. Ельцина
$c20140115
$gRCR
$2rusmarc
852##$aГА РФ
$j3047
937##$d42802513
$hПБ
035##$aRuPRLIB51005278
Формат отображения